[Event "Potsdam Christmas 35th"]
[Site "Potsdam"]
[Date "2010.12.28"]
[Round "4.24"]
[White "Rietze, Clemens"]
[Black "Calamar, George"]
[Result "1-0"]
[WhiteElo "2235"]
[BlackElo "1489"]
[PlyCount "41"]
[EventDate "2010.12.27"]
[EventType "swiss"]
[EventRounds "7"]
[EventCountry "GER"]
[SourceTitle "EXT 2022"]
[Source "ChessBase"]
[SourceDate "2021.10.06"]
[SourceVersion "1"]
[SourceVersionDate "2021.10.06"]
[SourceQuality "1"]

1. e4 g6 2. d4 Bg7 3. Nc3 d6 4. f4 Nf6 5. Nf3 c5 6. Bb5+ Bd7 7. e5 dxe5 8. dxe5 Ng4 9. Bxd7+ Nxd7 10. Qe2 e6 11. Ng5 h5 12. Nce4 0-0 13. h3 Nh6 14. Be3 Nf5 15. Rd1 Qc7 16. Bf2 b5 17. g4 hxg4 18. hxg4 Nh6 19. Qe3 Rfe8 20. Qh3 Bf8 21. Rxd7 1-0

[Event "Potsdam Christmas 35th"]
[Site "Potsdam"]
[Date "2010.12.27"]
[Round "2.26"]
[White "Schellknecht, Joerg"]
[Black "Calamar, George"]
[Result "0-1"]
[WhiteElo "1765"]
[BlackElo "1489"]
[PlyCount "54"]
[EventDate "2010.12.27"]
[EventType "swiss"]
[EventRounds "7"]
[EventCountry "GER"]
[SourceTitle "EXT 2022"]
[Source "ChessBase"]
[SourceDate "2021.10.06"]
[SourceVersion "1"]
[SourceVersionDate "2021.10.06"]
[SourceQuality "1"]

1. e4 g6 2. d4 Bg7 3. f4 d6 4. Nf3 Nf6 5. Bd3 c5 6. c3 0-0 7. 0-0 b6 8. e5 Ng4 9. h3 Nh6 10. dxc5 Bb7 11. cxd6 exd6 12. Qc2 dxe5 13. fxe5 Nc6 14. Bg5 Qc7 15. Be4 Rac8 16. Qc1 Nf5 17. Bxf5 gxf5 18. Qf4 Nxe5 19. Nxe5 Bxe5 20. Qxf5 Qc5+ 21. Qf2 Qd5 22. Qd2 Qc6 23. Bh6 Rfe8 24. Qg5+ Qg6 25. Qxg6+ hxg6 26. Nd2 Bg3 27. Bf4 Re2 0-1